[Event "U16 Olympiad"]
[Site "Mersin TUR"]
[Date "2008.08.23"]
[Round "9"]
[White "Iljiushenok,I"]
[Black "Sipahioglu,I"]
[Result "1-0"]
[WhiteElo "2315"]
[BlackElo "2006"]

1.e4 e6 2.d4 d5 3.Nc3 Bb4 4.e5 Ne7 5.Bd2 b6 6.Nf3 Ba6 7.Bxa6 Nxa6 8.O-O Qd7
9.Qe2 Nb8 10.Nb1 Bxd2 11.Nbxd2 c5 12.c4 cxd4 13.Nxd4 O-O 14.Rfd1 Nbc6 15.N4f3 Qb7
16.cxd5 Nxd5 17.Ne4 Rfd8 18.Rac1 Nf4 19.Qe3 Rxd1+ 20.Rxd1 Ng6 21.Nd6 Qd7
22.h4 h6 23.Qe4 Rb8 24.Rd2 Nd8 25.h5 Nf8 26.Qg4 Qe7 27.Nd4 Qg5 28.Qxg5 hxg5
29.Nf3 f6 30.h6 g4 31.hxg7 Ng6 32.Nd4 Nxe5 33.Ne8 f5 34.Re2 Ndf7 35.Nc7 Kxg7
36.Ncxe6+ Kf6 37.f4 gxf3 38.gxf3 Re8 39.f4 Nf3+ 40.Kf2 Nxd4 41.Nxd4 Rxe2+
42.Kxe2 Nd8 43.Ke3 Nb7 44.Nb5 a5 45.Nc7 Kg6 46.Kd4 Nc5 47.Nd5 Nd7 48.Ne3 Nc5
49.Nc4 Ne6+ 50.Ke5 Nc5 51.Kd4 Ne6+ 52.Ke3 Kh5 53.Nxb6 Kg4 54.Nd5 Kg3 55.b3 Kg4
56.a3 Nd8 57.b4 axb4 58.axb4 Ne6 59.b5 Nc5 60.b6 Nd7 61.b7 Nb8 62.Kd4 Na6
63.Ke5 Nb8 64.Kd6 Kf3 65.Nb4  1-0

[Event "Liga Nacional Ajedrez"]
[Site "Villa Martelli ARG"]
[Date "2008.08.23"]
[Round "3"]
[White "Granara Barreto,S"]
[Black "Menon,D"]
[Result "1/2-1/2"]
[WhiteElo "2257"]
[BlackElo "2170"]

1.e4 e6 2.d4 d5 3.Nc3 Bb4 4.e5 Ne7 5.a3 Bxc3+ 6.bxc3 b6 7.Nf3 Ba6 8.Bxa6 Nxa6
9.O-O Nb8 10.Qd3 Nbc6 11.a4 Na5 12.Ng5 h6 13.Nh3 Qd7 14.Nf4 h5 15.Nh3 Nc4
16.Ng5 a5 17.Nf3 O-O-O 18.Bg5 Rde8 19.Nd2 Qc6 20.Bxe7 Rxe7 21.Nxc4 dxc4 22.Qe3 h4
23.h3 g5 24.f3 Rg8 25.Rfe1 Rd7 26.Kh2 Rg6  1/2-1/2

[Event "Jessie Gilbert Celebration Int"]
[Site "Coulsdon ENG"]
[Date "2008.08.25"]
[Round "10"]
[White "Griffiths,R"]
[Black "Fowler,S"]
[Result "1-0"]
[WhiteElo "2069"]
[BlackElo "2256"]

1.e4 e6 2.d4 d5 3.Nc3 Bb4 4.e5 Ne7 5.a3 Bxc3+ 6.bxc3 c5 7.Qg4 O-O 8.Bd3 f5
9.exf6 Rxf6 10.Bg5 Rf7 11.Qh5 g6 12.Qd1 Qa5 13.Bd2 Nbc6 14.Nh3 Qc7 15.dxc5 e5
16.Ng5 Rf8 17.c4 e4 18.cxd5 exd3 19.d6 Qd7 20.dxe7 Qxe7+ 21.Be3 Rf5 22.Nf3 Be6
23.Qxd3 Rd8 24.Qe2 Qf7 25.Nd2 Nd4 26.Bxd4 Rxd4 27.O-O Rxc5 28.Nb3 Bxb3 29.cxb3 Rcd5
30.Rac1 Rd2 31.Qe3 R5d3 32.Rc8+ Kg7 33.Qe5+ Kh6 34.Rc4 Qf5 35.Rh4+ Kg5 36.Qe7+  1-0

[Event "8th Open"]
[Site "Velika Gorica CRO"]
[Date "2008.08.27"]
[Round "6"]
[White "Mihalinec,D"]
[Black "Martinovic,Sa"]
[Result "1/2-1/2"]
[WhiteElo "2249"]
[BlackElo "2395"]

1.e4 e6 2.d4 d5 3.Nc3 Bb4 4.e5 Ne7 5.a3 Bxc3+ 6.bxc3 c5 7.h4 Qc7 8.Bd2 Nbc6
9.Qg4 Nf5 10.Bb5 Bd7 11.Bxc6 Bxc6 12.Ne2 Bb5 13.Rb1 Ba6 14.O-O h5 15.Qf3 Nxh4
16.Qh3 Nf5 17.Rfe1 Bxe2 18.Rxe2 cxd4 19.g4 dxc3 20.Bxc3 Qc4 21.gxf5 Qxe2
22.fxe6 O-O 23.Rxb7 fxe6 24.Qxe6+ Kh8 25.Qh6+ gxh6 26.e6+ d4 27.Bxd4+ Rf6
28.Bxf6+ Kg8 29.Rg7+ Kf8 30.Rf7+ Ke8 31.Re7+ Kd8 32.Rxa7+ Kc8 33.Rxa8+ Kb7
34.Ra4 Qe1+ 35.Kg2 Qxe6 36.Rb4+ Kc6 37.Bh4 Qg6+ 38.Bg3 Qxc2 39.Rh4  1/2-1/2

[Event "ch-POR"]
[Site "Almada POR"]
[Date "2008.08.28"]
[Round "2"]
[White "Fernando,D"]
[Black "Dias,P"]
[Result "1-0"]
[WhiteElo "2449"]
[BlackElo "2440"]

1.e4 e6 2.d4 d5 3.Nc3 Bb4 4.e5 Ne7 5.a3 Bxc3+ 6.bxc3 c5 7.Nf3 Bd7 8.h4 Qa5
9.Bd2 Nbc6 10.h5 h6 11.Be2 c4 12.Nh4 O-O-O 13.O-O g5 14.Nf3 Rdf8 15.Nh2 f5
16.exf6 Ng8 17.Ng4 Nxf6 18.Nxf6 Rxf6 19.Bg4 Rhf8 20.Qe2 Ne7 21.Qe5 Qc7 22.Qxc7+ Kxc7
23.g3 Nc6 24.Rae1 e5 25.Bxd7 Kxd7 26.dxe5 Rf3 27.Kg2 Ke6 28.a4 Nxe5 29.Be3 Kd6
30.Bxa7 R3f7 31.Be3 Ng4 32.Bd4 Nf6 33.f3 Ra8 34.Rb1 Kc7 35.Rb6 Ra6 36.Rxa6 bxa6
37.g4 Nd7 38.Kg3 Re7 39.f4 gxf4+ 40.Rxf4 Kd6 41.Rf2 Re1 42.Rf7 Re6 43.Rh7 Nc5
44.Ra7 Re2 45.g5 hxg5 46.h6 Ne4+ 47.Kf3 Rh2 48.h7 g4+ 49.Kxg4  1-0

[Event "LXXII ch-CRC Fase 2"]
[Site "San Jose CRC"]
[Date "2008.08.28"]
[Round "4"]
[White "Cabrera,Ma"]
[Black "Murillo,Alex"]
[Result "0-1"]
[WhiteElo "2065"]
[BlackElo "2319"]

1.e4 e6 2.d4 d5 3.Nc3 Bb4 4.e5 b6 5.Bd2 Bf8 6.f4 Ne7 7.Nf3 Ba6 8.Bxa6 Nxa6
9.O-O h5 10.Qe2 Nb8 11.Nd1 Nbc6 12.Ne3 Qd7 13.c3 g6 14.g4 hxg4 15.Nxg4 Bg7
16.Nf6+ Bxf6 17.exf6 Nf5 18.Ne5 Nxe5 19.fxe5 O-O-O 20.b4 Qa4 21.b5 Rh3 22.Rf2 Rdh8
23.Rg2 Nxd4 24.cxd4 Qxd4+ 25.Kf1 Qxa1+ 26.Be1 R8h5  0-1

[Event "Open"]
[Site "Herzliya ISR"]
[Date "2008.09.02"]
[Round "1"]
[White "Porat,Dan"]
[Black "Hertz,Y"]
[Result "1-0"]
[WhiteElo "2233"]
[BlackElo "2013"]

1.e4 e6 2.d4 d5 3.Nc3 Bb4 4.e5 b6 5.h4 h6 6.a3 Bf8 7.Be3 Ne7 8.g4 a5 9.Bb5+ c6
10.Bd3 Ba6 11.Nge2 Bxd3 12.Qxd3 Ng6 13.h5 Nh4 14.O-O-O b5 15.f4 b4 16.axb4 axb4
17.Nb1 Nd7 18.f5 c5 19.dxc5 Nf3 20.fxe6 fxe6 21.Qg6+ Ke7 22.Nf4 Ng5 23.c6 Nxe5
24.Bc5+ Qd6 25.Bxd6+ Kxd6 26.Rxd5+  1-0

[Event "5th LGA Premium Cup"]
[Site "Nuernberg GER"]
[Date "2008.09.07"]
[Round "6"]
[White "Gara,A"]
[Black "Steinmueller,A"]
[Result "1-0"]
[WhiteElo "2340"]
[BlackElo "2066"]

1.e4 e6 2.d4 d5 3.Nc3 Bb4 4.e5 b6 5.Qg4 Bf8 6.f4 h5 7.Qh3 Ne7 8.g4 Ng6 9.Nf3 hxg4
10.Qxg4 Nh4 11.Be3 Nxf3+ 12.Qxf3 g6 13.O-O-O Ba6 14.Bg2 Nc6 15.h4 Bb4 16.Bf2 Qd7
17.h5 gxh5 18.Rxh5 O-O-O 19.Rdh1 Rxh5 20.Rxh5 Rg8 21.Bh3 Na5 22.f5 Rf8 23.a3 Bxc3
24.Qxc3 Qb5 25.Qb4 Qe8 26.Rh6 Kb8 27.b3 Bc8 28.fxe6 fxe6 29.Bh4 Rh8 30.Qd2 Rg8
31.Bg5 Qc6 32.Kb1 Qb5 33.Ka2 Nc6 34.Be3 a5 35.Bxe6 Bxe6 36.Rxe6 a4 37.Qc3 Rg2
38.bxa4 Qe2 39.Rxc6 Rg3 40.Rxc7  1-0

[Event "7th Georgiev - Kesarovski Mem"]
[Site "Sunny Beach BUL"]
[Date "2008.09.08"]
[Round "1"]
[White "Stoinev,M"]
[Black "Demeridis,N"]
[Result "1-0"]
[WhiteElo "2278"]
[BlackElo "1664"]

1.e4 e6 2.d4 d5 3.Nc3 Bb4 4.e5 Ne7 5.a3 Bxc3+ 6.bxc3 c5 7.Qg4 O-O 8.Bd3 b6
9.Bg5 Qc7 10.Nf3 Nf5 11.Bf6 g6 12.Bxf5 exf5 13.Qg5  1-0

[Event "IV Geller Memorial"]
[Site "Odessa UKR"]
[Date "2008.09.09"]
[Round "1"]
[White "Andrenko,I"]
[Black "Andreev,Ed UKR"]
[Result "0-1"]
[WhiteElo "2213"]
[BlackElo "2455"]

1.e4 e6 2.d4 d5 3.Nc3 Bb4 4.e5 Ne7 5.a3 Bxc3+ 6.bxc3 c5 7.Qg4 Kf8 8.Bd3 Qa5
9.Bd2 Qa4 10.Ra2 b6 11.Nf3 Nbc6 12.O-O Ba6 13.Qf4 Bxd3 14.cxd3 c4 15.Ng5 Nd8
16.dxc4 Qxc4 17.Rb2 h6 18.Nf3 Ndc6 19.Rfb1 Rc8 20.Ne1 Na5 21.Nc2 Nf5 22.Nb4 Ke8
23.Qf3 Ne7 24.Nc2 Qa4 25.Qd3 Nc4 26.Rb4 Qc6 27.Be1 Rc7 28.R4b3 Na5 29.R3b2 Qc4
30.Qf3 Nf5 31.Nb4 Rc8 32.Bd2 Kd7 33.g4 Ne7 34.Qxf7 Qe2 35.Qxe7+ Kxe7 36.Bg5+ hxg5
37.Rxe2 Rxc3 38.Rc2 Rxc2 39.Nxc2 Rc8 40.Ne1 Rc3 41.Ra1 Nc6 42.Rd1 Rxa3 43.Kg2 b5
44.Nf3 b4 45.Nxg5 b3 46.Nf3 b2 47.Rb1 Rb3 48.Nd2 Rb4  0-1

[Event "4th ch-EU"]
[Site "Liverpool ENG"]
[Date "2008.09.12"]
[Round "4"]
[White "Spoelman,W"]
[Black "Dgebuadze,A"]
[Result "1-0"]
[WhiteElo "2448"]
[BlackElo "2562"]

1.e4 e6 2.d4 d5 3.Nc3 Bb4 4.e5 Ne7 5.a3 Bxc3+ 6.bxc3 c5 7.Qg4 O-O 8.Bd3 Nbc6
9.Qh5 Ng6 10.Nf3 Qc7 11.Be3 c4 12.Bxg6 fxg6 13.Qg4 Bd7 14.h4 Rf5 15.Ng5 Qa5
16.Kd2 Raf8 17.Raf1 h5 18.Qh3 Qxa3 19.g4 hxg4 20.Qxg4 Na5 21.h5 Qb2 22.hxg6 Nb3+
23.Ke1 Qb1+ 24.Qd1 Qxd1+ 25.Kxd1 Na5 26.Rh4 Re8 27.Rfh1 Kf8 28.Nh7+ Ke7 29.Bg5+ Rxg5
30.Nxg5 Rf8 31.Rh7 Rg8 32.Rh8 Re8 33.Rxe8+ Bxe8 34.Rh7 Kf8 35.Nxe6+ Kg8 36.Rxg7+ Kh8
37.Rf7  1-0

[Event "II ROMGAZ Open"]
[Site "Bucharest ROU"]
[Date "2008.09.13"]
[Round "3"]
[White "Vedmediuc,S"]
[Black "Ulibin,M"]
[Result "1/2-1/2"]
[WhiteElo "2396"]
[BlackElo "2520"]

1.e4 e6 2.d4 d5 3.Nc3 Bb4 4.e5 b6 5.a3 Bxc3+ 6.bxc3 Qd7 7.Qg4 f5 8.Qg3 Ba6
9.Bxa6 Nxa6 10.Ne2 Kf7 11.a4 c5 12.Qd3 Qc8 13.Ba3 Ne7 14.h4  1/2-1/2

[Event "4th ch-EU"]
[Site "Liverpool ENG"]
[Date "2008.09.13"]
[Round "5"]
[White "Ringoir,T"]
[Black "Williams,Si1"]
[Result "0-1"]
[WhiteElo "2321"]
[BlackElo "2496"]

1.e4 e6 2.d4 d5 3.Nc3 Bb4 4.e5 Ne7 5.a3 Bxc3+ 6.bxc3 c5 7.Qg4 Qc7 8.Qxg7 Rg8
9.Qxh7 cxd4 10.Ne2 Nbc6 11.f4 dxc3 12.Qd3 Nf5 13.Nxc3 Ncd4 14.Bb2 Bd7 15.O-O-O Rc8
16.Rd2 Qa5 17.Nxd5 Bb5 18.Qc3 Rxc3 19.Bxc3 Qxa3+ 20.Bb2 Qc5 21.Nf6+ Kf8 22.Kb1 Kg7
23.Nxg8 Kxg8 24.g4 Ne3 25.Bxb5 Nxb5 26.h4 Qb4  0-1

[Event "4th Pichay Cup"]
[Site "Manila PHI"]
[Date "2008.09.15"]
[Round "3"]
[White "Wang Li"]
[Black "Sadorra,J"]
[Result "1-0"]
[WhiteElo "2392"]
[BlackElo "2470"]

1.e4 e6 2.d4 d5 3.Nc3 Bb4 4.e5 b6 5.Bd2 Qd7 6.Qg4 Bf8 7.Bd3 Nc6 8.Nce2 Bb7
9.Nh3 Nge7 10.c3 Nf5 11.Ng3 Nce7 12.Qe2 h6 13.Nh5 c5 14.g4 Nh4 15.f4 cxd4
16.cxd4 Nc6 17.Bc3 Rg8 18.f5 Nxe5 19.dxe5 d4 20.Be4 dxc3 21.Rd1 c2 22.Qxc2 Bb4+
23.Kf2 Qe7 24.f6 Bc5+ 25.Kg3 Qc7 26.Qc3 Bxe4 27.Nxg7+ Kf8 28.Rhe1 Nf5+ 29.gxf5 exf5
30.Kf4 Rxg7 31.fxg7+ Kg8 32.Nf2 Qe7 33.Nxe4 fxe4 34.Qg3 e3 35.b4 Bxb4 36.Rxe3 Bd2
37.Rxd2 Qb4+ 38.Kf5 Qxd2 39.e6 Qd5+ 40.Re5 fxe6+ 41.Kg6 Qd7 42.Kxh6 Rc8 43.h4 Rc7
44.Rg5 Qf7 45.Qd3 Qf6+ 46.Qg6 Rf7 47.Qxf6 Rxf6+ 48.Rg6 Rf4 49.h5  1-0

[Event "IV Geller Memorial"]
[Site "Odessa UKR"]
[Date "2008.09.15"]
[Round "7"]
[White "Golubev,M"]
[Black "Andreev,Ed UKR"]
[Result "0-1"]
[WhiteElo "2480"]
[BlackElo "2455"]

1.e4 e6 2.d4 d5 3.Nc3 Bb4 4.e5 Ne7 5.a3 Bxc3+ 6.bxc3 c5 7.Qg4 cxd4 8.cxd4 Qc7
9.Bd2 Qxc2 10.Nf3 O-O 11.Be2 Nbc6 12.Qh3 f6 13.Rd1 fxe5 14.dxe5 Qf5 15.g4 Qe4
16.Be3 d4 17.Bc1 h6 18.Rg1 Nd5 19.Rd3 Nc3 20.Rxc3 dxc3 21.Kf1 Qb1 22.Kg2 Qe4
23.Kf1 Rxf3 24.Bxf3 Qd3+ 25.Kg2 Nxe5 26.Rd1 Qxf3+ 27.Qxf3 Nxf3 28.Kxf3 b5
29.Rd8+ Kh7 30.Ke3 a5 31.Kd4 b4 32.Bf4 c2 33.Bc1 bxa3 34.Bxa3 Bb7 35.Rxa8 Bxa8
36.Kd3 Bf3 37.Kxc2 Bxg4 38.h4 g5 39.hxg5 h5 40.Kd3 Kg6 41.Ke4 h4 42.Bc1 h3
43.Bf4 a4 44.Kd4 Kf5 45.Bd6 e5+ 46.Bxe5 a3 47.g6 a2 48.Kd5 Kxg6  0-1

[Event "EYb18"]
[Site "Herceg Novi MNE"]
[Date "2008.09.17"]
[Round "3"]
[White "Salgado Lopez,I"]
[Black "Martinovic,Sa"]
[Result "1/2-1/2"]
[WhiteElo "2532"]
[BlackElo "2395"]

1.e4 e6 2.d4 d5 3.Nc3 Bb4 4.e5 Ne7 5.Bd2 b6 6.h4 Ba6 7.Bxa6 Nxa6 8.h5 h6
9.Qg4 Nf5 10.Nf3 Qd7 11.Qf4 c5 12.dxc5 bxc5 13.a3 Bxc3 14.Bxc3 Rb8 15.b3 Nc7
16.g4 Ne7 17.g5 d4 18.gxh6 gxh6 19.Bd2 Nf5 20.Nh4 Nd5 21.Qe4 Nde7 22.Nxf5 Nxf5
23.O-O Qb7 24.Qxb7 Rxb7 25.Kg2 Rg8+ 26.Kf3 d3 27.c3 Rxb3 28.Rfb1 Rxb1 29.Rxb1 Kd7
30.c4 Kc6 31.Rd1 Rd8 32.Bc3 Ng7 33.Rh1 Nxh5 34.Rxh5 d2 35.Bxd2 Rxd2 36.Rxh6 Rd3+
37.Ke2 Rd4 38.Rf6 Rxc4 39.Rxf7 a5 40.f4 Ra4 41.f5 Re4+ 42.Kd3 Rxe5 43.fxe6 Rxe6
44.Rf4 Re1 45.Kc3 Kd5 46.Ra4 Re3+ 47.Kb2 c4 48.Rxa5+ Kd4 49.Rh5 Re2+ 50.Kc1 Re3
51.Kc2 Rxa3 52.Rh4+ Kc5 53.Rh8  1/2-1/2

[Event "EYg12"]
[Site "Herceg Novi MNE"]
[Date "2008.09.19"]
[Round "5"]
[White "Akopova,A"]
[Black "Milutinovic,Stef"]
[Result "0-1"]
[WhiteElo "1858"]
[BlackElo "1627"]

1.e4 e6 2.d4 d5 3.Nc3 Bb4 4.e5 Qd7 5.Bd2 b6 6.Nce2 Bf8 7.Nf3 Ba6 8.c3 c5
9.Qc2 Nc6 10.Qa4 Bd3 11.Be3 Nxe5 12.Qd1 Nxf3+ 13.gxf3 c4 14.Ng3 Bxf1 15.Rxf1 Ne7
16.Qc2 Ng6 17.b3 Qc7 18.bxc4 Qxc4 19.Qb3 Rc8 20.Qxc4 Rxc4 21.Bd2 Ba3 22.Rb1 Bd6
23.Nh5 O-O 24.f4 Rfc8 25.Ke2 Ra4 26.Rb2 Ba3 27.Rb3 Rcc4 28.Rfb1 Ra6 29.Ra1 Ne7
30.Rg1 g6 31.Nf6+ Kg7 32.Ng4 Rca4 33.Ra1 Nc6 34.Ne5 Na5 35.Rbb1 f6 36.Nd3 Nc4
37.Be1 Bd6 38.Nb4 Bxb4 39.Rxb4 Rxa2+ 40.Rxa2 Rxa2+ 41.Kd3 a5 42.Rb1 a4 43.Rc1 a3
44.Rb1 Rb2 45.Rxb2 axb2 46.Kc2 Kf7 47.f3 h6 48.h4 h5 49.Bg3 f5 50.Bf2 Ke7
51.Be1 Kd6 52.Kb1 Kc6 53.Ka2 Kb5 54.Bf2 Ka4 55.Bg3 b1=Q+ 56.Kxb1 Kb3 57.Be1 Na3+
58.Kc1 Nb5 59.Kd2 Nxc3 60.Kd3 Nb1 61.Bf2 b5 62.Bg3 b4 63.Be1 Nc3 64.Kd2 Na2
65.Kd3 Kb2 66.Bd2 Nc1+ 67.Ke3 b3 68.Bb4 Kc2  0-1

[Event "Open"]
[Site "Yuzhny UKR"]
[Date "2008.09.23"]
[Round "5"]
[White "Solodovnichenko,Y"]
[Black "Andreev,Ed UKR"]
[Result "1/2-1/2"]
[WhiteElo "2541"]
[BlackElo "2455"]

1.e4 e6 2.d4 d5 3.Nc3 Bb4 4.e5 Ne7 5.a3 Bxc3+ 6.bxc3 c5 7.Qg4 cxd4 8.Qxg7 Rg8
9.Qxh7 Qc7 10.Ne2 Nbc6 11.f4 Bd7 12.Qd3 dxc3 13.Rg1 O-O-O 14.g4 d4 15.Rg3 Be8
16.Bg2 Ng6 17.Rb1 Rh8 18.Rh3 Rxh3 19.Qxh3 Na5 20.Rb4 Nc6 21.Rb1 Na5 22.Be4 Bc6
23.Bd3 Qd7 24.Rb4 Rh8 25.Qg3 Qd5 26.Rxd4 Qh1+ 27.Qg1 Rxh2  1/2-1/2

[Event "17th CRO-chT 1a"]
[Site "Sibenik CRO"]
[Date "2008.09.28"]
[Round "2"]
[White "Zivkovic,Vj"]
[Black "Kutuzovic,B"]
[Result "1/2-1/2"]
[WhiteElo "2429"]
[BlackElo "2313"]

1.e4 e6 2.d4 d5 3.Nc3 Bb4 4.e5 Ne7 5.a3 Bxc3+ 6.bxc3 c5 7.Qg4 Qc7 8.Qxg7 Rg8
9.Qxh7 cxd4 10.Ne2 Nbc6 11.f4 dxc3 12.Qd3 d4 13.Nxd4 Nxd4 14.Qxd4 Bd7 15.Rg1 Nf5
16.Qf2 Qc6 17.Bd3 Qd5 18.Rb1 Bc6 19.Rb3 O-O-O 20.Rxc3 Kb8 21.Qc5 Rxg2 22.Qxd5 Rxg1+
23.Kf2 Rdg8 24.Qd8+ Rxd8 25.Kxg1 Rg8+ 26.Kf1 Nh4 27.Be3 Rg2 28.Bg1 Rg4 29.Be3 Rg2
30.Bg1  1/2-1/2

[Event "Podillya It"]
[Site "Khmelnitsky UKR"]
[Date "2008.09.29"]
[Round "5"]
[White "Firman,N"]
[Black "Razin,V"]
[Result "1-0"]
[WhiteElo "2525"]
[BlackElo "2288"]

1.e4 e6 2.d4 d5 3.Nc3 Bb4 4.e5 Qd7 5.a3 Bxc3+ 6.bxc3 b6 7.Qg4 f5 8.Qg3 Ba6
9.Bxa6 Nxa6 10.Ne2 Qf7 11.h4 Nb8 12.h5 h6 13.Nf4 Ne7 14.a4 Nbc6 15.Ba3 Rg8
16.Kf1 Na5 17.Bb4 Nec6 18.Ba3 Nc4 19.Bc1 a5 20.Rh3 O-O-O 21.Qd3 Ne7 22.Ba3 g5
23.hxg6 Nxg6 24.Nh5 Kb7 25.Bc1 Rc8 26.Qe2 Ne7 27.Nf4 Ng6 28.Nh5 Ne7 29.Nf4 Ng6
30.Qh5 Qe8 31.Nd3 Ne7 32.Qxe8 Rcxe8 33.Rxh6 Nc6 34.g3 Rh8 35.Rxh8 Rxh8 36.Kg2 Kc8
37.Bg5 Kd7 38.Bf6 Rh7 39.Bg5 Rg7 40.Bf4 Rh7 41.Rd1 Nd8 42.Bc1 c6 43.f3 Nb7
44.g4 fxg4 45.fxg4 b5 46.axb5 cxb5 47.Kg3 a4 48.g5 a3 49.Nb4 Nd8 50.Bxa3 Nf7
51.Bc1 Rg7 52.Kh4 Rh7+ 53.Kg4 Rh2 54.Bf4 Rg2+ 55.Kf3 Rxg5 56.Bxg5 Nxg5+ 57.Kf4 Ne4
58.Ra1 Nxc3 59.Ra7+ Ke8 60.Nc6 Kf8 61.Kg5 Ne4+ 62.Kg6 Nb6 63.Rb7  1-0

[Event "17th CRO-chT 1b"]
[Site "Sibenik CRO"]
[Date "2008.09.29"]
[Round "3"]
[White "Zufic,M"]
[Black "Heged,V"]
[Result "1/2-1/2"]
[WhiteElo "2429"]
[BlackElo "2161"]

1.e4 e6 2.d4 d5 3.Nc3 Bb4 4.e5 Ne7 5.a3 Bxc3+ 6.bxc3 c5 7.Qg4 O-O 8.Nf3 Nbc6
9.Bd3 f5 10.exf6 Rxf6 11.Qh4 h6 12.Ne5 Nf5 13.Bxf5 exf5 14.O-O Qa5 15.Nxc6 bxc6
16.Qg3 cxd4 17.cxd4 Ba6 18.Rd1 Be2 19.Bd2 f4 20.Qh3 Qa4 21.Rdc1 f3 22.Bb4 a5
23.Bc5 Rg6 24.g3 Re8 25.Rab1 Bb5 26.Qh5 Rge6 27.Qxf3 Qxc2 28.Qf8+ Rxf8 29.Rxc2 Rfe8
30.Rc3 a4  1/2-1/2

[Event "Zvenigorodskaya Open A"]
[Site "Zvenigorod RUS"]
[Date "2008.09.29"]
[Round "8"]
[White "Antipov,M2"]
[Black "Skomorokhin,R"]
[Result "0-1"]
[WhiteElo "2150"]
[BlackElo "2378"]

1.e4 e6 2.d4 d5 3.Nc3 Bb4 4.e5 Ne7 5.a3 Bxc3+ 6.bxc3 b6 7.Nf3 Qd7 8.h4 Ba6
9.Bxa6 Nxa6 10.h5 h6 11.Qd3 Nb8 12.Be3 Nbc6 13.Nd2 Na5 14.f4 Qc6 15.O-O Kd7
16.g4 g6 17.hxg6 fxg6 18.Nf3 Nc4 19.Nh4 Rag8 20.Kf2 Nb2 21.Qd2 Na4 22.c4 Qxc4
23.Qe2 Qc6 24.Bd2 g5 25.fxg5 hxg5 26.Nf3 Ng6 27.Qd3 Nf4 28.Bxf4 gxf4 29.Rh1 Nc3
30.Rh7+ Kc8 31.Rah1 Ne4+ 32.Ke1 Rxh7 33.Rxh7 Kb7 34.Rh4 Rg7 35.g5 Nxg5 36.Nxg5 Rxg5
37.Rxf4 Rg1+ 38.Kd2 Qa4 39.Qc3 Qe8 40.Qd3 Qh5 41.Kc3 Ra1 42.Kb4 Qh1 43.Rf3 Qe1+
44.Kb3 Qb1+ 45.Ka4 a5 46.Rf7 Qb4+  0-1

[Event "Tatry Open"]
[Site "Tatranske Zruby SVK"]
[Date "2008.10.04"]
[Round "9"]
[White "Blecha,Mir"]
[Black "Parak,D"]
[Result "1-0"]
[WhiteElo "2211"]
[BlackElo "2133"]

1.e4 e6 2.d4 d5 3.Nc3 Bb4 4.e5 Qd7 5.a3 Bxc3+ 6.bxc3 b6 7.Qg4 f5 8.Qg3 Ba6
9.Bxa6 Nxa6 10.Ne2 O-O-O 11.a4 Nb8 12.a5 Nc6 13.axb6 cxb6 14.O-O Nh6 15.Qd3 Nf7
16.h4 Rdg8 17.Nf4 g5 18.hxg5 Nxg5 19.Ba3 h5 20.Rfb1 Na5 21.Qa6+ Qb7 22.Qxb7+ Kxb7
23.Be7 Nf3+ 24.Kh1 Nd2 25.Rb2 Ndc4 26.Rba2 Re8 27.Bf6 Rh7 28.Rd1 Nc6 29.Rd3 b5
30.Ra1 a5 31.Rh3 Kc7 32.Rxh5 Rxh5+ 33.Nxh5 Kd7 34.Nf4 Nb8 35.Kg1 Kc6 36.f3 Nd7
37.Bh4 a4 38.Kf2 Rh8 39.Bg5 Re8 40.Ke2 a3 41.Rh1 Ndb6 42.Nd3 Na4 43.Bd2 Nab2
44.Ra1 Rg8 45.Nf4 Kd7 46.Bc1 Rh8 47.Nd3 Rg8 48.Kf1 Kc6 49.Nc5 Rg6 50.Kg1 Kc7
51.Kh2 Kd8 52.Kh3 Ke7 53.g4 fxg4+ 54.fxg4 Rg8 55.Nd3 Ra8 56.Kg3 Kf7 57.Bg5 Kg6
58.Nf4+ Kxg5 59.Rh1  1-0

[Event "ch-Commonwealth"]
[Site "Nagpur IND"]
[Date "2008.10.05"]
[Round "10"]
[White "Grover,S"]
[Black "Rahman,Zia"]
[Result "0-1"]
[WhiteElo "2306"]
[BlackElo "2564"]

1.e4 e6 2.d4 d5 3.Nc3 Bb4 4.e5 b6 5.a3 Be7 6.Qg4 g6 7.h4 h5 8.Qg3 c5 9.Nf3 Nc6
10.Bg5 a6 11.Rd1 Qc7 12.dxc5 bxc5 13.Be2 Rb8 14.Bc1 Nh6 15.O-O Nf5 16.Qf4 Ncd4
17.g3 Nxe2+ 18.Nxe2 Bb7 19.Nc3 Bf8 20.Rfe1 Bh6 21.Ng5 Rd8 22.Qa4+ Qc6 23.Qxc6+ Bxc6
24.Nh3 Nd4 25.Bxh6 Nf3+ 26.Kf1 Rxh6 27.Re3 d4 28.Ng5 Nxg5 29.hxg5 Rh8 30.Red3 h4
31.gxh4 Rxh4 32.Ne2 Bb5 33.Kg2 Bxd3 34.cxd3 Rg4+ 35.Ng3 Ke7 36.Rh1 Rd5 37.f3 Rxg3+
38.Kxg3 Rxe5 39.Kf4 Re3 40.Rc1 Kd6 41.b4 e5+ 42.Kg4 Rxd3 43.Rxc5 Rxa3 44.Rc8 Ra1
45.Kg3 Ke6 46.Rc6+ Kf5 47.Rf6+ Kxg5 48.Rxf7 Rb1 49.Re7 Kf6 50.Ra7 Rxb4 51.Rxa6+ Kf5
52.Rd6 Rb3 53.Kf2 g5 54.Rd8 Rb6 55.Kg3 Rf6 56.Rd5 Rf8 57.Rd6 Rg8 58.Rd5 Ke6
59.Ra5 Rd8 60.Kf2 Kf5 61.Ra2 g4  0-1

[Event "Chigorin Memorial"]
[Site "St Petersburg RUS"]
[Date "2008.10.06"]
[Round "4"]
[White "Shlakich,A"]
[Black "Dushin,N"]
[Result "0-1"]
[WhiteElo "2203"]
[BlackElo "2026"]

1.e4 e6 2.d4 d5 3.Nc3 Bb4 4.e5 Ne7 5.Nf3 Nbc6 6.Bd3 Nf5 7.a3 Be7 8.Ne2 Nh4
9.Nxh4 Bxh4 10.Be3 Bd7 11.Qd2 a5 12.g3 Be7 13.f4 a4 14.O-O-O Na5 15.g4 b5
16.f5 Qb8 17.f6 gxf6 18.exf6 Bd6 19.Bf4 Nc4 20.Bxc4 bxc4 21.Bxd6 cxd6 22.Qh6 Qb7
23.Nc3 O-O-O 24.h4 Bc6 25.g5 Kb8 26.Rhg1 Ka8 27.Na2 e5 28.Nb4 e4 29.Qh5 c3
30.bxc3 Bb5 31.g6 hxg6 32.Qxd5 Rxh4 33.Rg5 Qxd5 34.Nxd5 Kb7 35.Kd2 Rh2+ 36.Ke3 Re2+
37.Kf4 Rf2+ 38.Kg3 Rf3+ 39.Kg2 Bc4 40.Rb1+ Kc6 41.Rb6+ Kd7 42.Rb7+ Ke8 43.Re7+ Kf8
44.Rxe4 Rf5 45.Rxf5 gxf5 46.Rh4 Bxd5+  0-1

[Event "58th TCh m 1st Div"]
[Site "Borovets BUL"]
[Date "2008.10.07"]
[Round "7"]
[White "Stoinev,M"]
[Black "Badev,K"]
[Result "1-0"]
[WhiteElo "2309"]
[BlackElo "2324"]

1.e4 e6 2.d4 d5 3.Nc3 Bb4 4.e5 b6 5.Qg4 Bf8 6.Bg5 Qd7 7.f4 Ne7 8.Bxe7 Qxe7
9.Nf3 g6 10.Qh3 h5 11.Nxd5 Qd8 12.Nf6+ Ke7 13.Qh4 Bh6 14.Nxh5+ Kd7 15.Nf6+ Kc6
16.Bd3 Kb7 17.Qg3 c6 18.O-O-O a5 19.Ng5 Qc7 20.Nge4 Bf8 21.Ne8 Qd7 22.N8d6+ Ka7
23.Kb1 Ba6 24.c4 f5 25.Nf6 Qg7 26.c5 Be7 27.cxb6+ Kxb6 28.Nfe8 Qh7 29.Bxa6 Bxd6
30.Nxd6 Rxa6 31.Qb3+ Ka7 32.Qxe6  1-0

[Event "Chigorin Memorial"]
[Site "St Petersburg RUS"]
[Date "2008.10.09"]
[Round "7"]
[White "Loskutov,O"]
[Black "Denisov,I"]
[Result "1-0"]
[WhiteElo "2482"]
[BlackElo "2189"]

1.e4 e6 2.d4 d5 3.Nc3 Bb4 4.e5 Qd7 5.a3 Bxc3+ 6.bxc3 b6 7.Qg4 f5 8.Qg3 Ba6
9.Bxa6 Nxa6 10.Ne2 Nb8 11.a4 Nc6 12.Nf4 O-O-O 13.Ba3 Na5 14.Bb4 Nc4 15.a5 Kb7
16.O-O Qf7 17.Qg5 Re8 18.Ra2 Ne7 19.axb6 cxb6 20.Nd3 Nc6 21.Rfa1 Ra8 22.Bd6 Rhd8
23.Qc1 Nxd6 24.exd6 Rxd6 25.Rb1 Kc7 26.Ra6 Rb8 27.Ne5 Nxe5 28.dxe5 Rd7 29.Rxa7+ Kd8
30.Ra6 Rdb7 31.Qe3 Qc7 32.Ra4 Ke8 33.Qh3 Qxe5 34.Qxh7 Qxc3 35.g4 Qxc2 36.Qg8+ Ke7
37.Qxg7+ Kd6 38.Qa1 Qd3 39.Rd1 Qf3 40.Re1 Re8 41.Re3 Qxg4+ 42.Rxg4 fxg4 43.Qe5+ Kd7
44.Rg3 Rg8 45.h4 b5 46.h5 b4 47.h6 Rbb8 48.h7 Rh8 49.Rxg4 b3 50.Rg7+ Kc6
51.Qc3+  1-0

[Event "1st WMSG Rapid Pair"]
[Site "Beijing CHN"]
[Date "2008.10.11"]
[Round "9"]
[White "Greet,A"]
[Black "Socko,B"]
[Result "0-1"]
[WhiteElo "2440"]
[BlackElo "2631"]

1.e4 e6 2.d4 d5 3.Nc3 Bb4 4.e5 Ne7 5.a3 Bxc3+ 6.bxc3 c5 7.Qg4 Kf8 8.a4 Qc7
9.Bd2 cxd4 10.cxd4 Qxc2 11.Bb5 Nbc6 12.Ne2 a6 13.Bxc6 Nxc6 14.Rc1 Qxa4 15.O-O Bd7
16.Nf4 h6 17.Rc3 Nxd4 18.Rc7 Nf5 19.Rxb7 Kg8 20.Rfb1 Kh7 21.R1b4 Qc2 22.Rb2 Qc6
23.R2b6 Qc5 24.h3 Rhd8 25.Nh5 Qd4 26.Bf4 Rac8 27.Rd6 Qa4 28.Kh2 Rc4 29.g3 Qc2
30.Qf3 Rc3 31.Qg2 Nxd6 32.exd6 Qe4 33.Qxe4+ dxe4 34.Be3 Rd3 35.Bb6 Rb3 36.Kg2 e3
37.f3 Rb2+ 38.Kf1 Bb5+  0-1

[Event "1st WMSG Blitz Team"]
[Site "Beijing CHN"]
[Date "2008.10.13"]
[Round "11"]
[White "Haugstad,E"]
[Black "Chung,S"]
[Result "1-0"]
[WhiteElo "2091"]
[BlackElo "1828"]

1.e4 e6 2.d4 d5 3.Nc3 Bb4 4.e5 Ne7 5.a3 Bxc3+ 6.bxc3 c5 7.Qg4 O-O 8.Bd3 c4
9.Be2 Nbc6 10.Nf3 f5 11.exf6 Rxf6 12.Bg5 Rf5 13.Nh4 Rf7 14.Qg3 Nf5 15.Nxf5 Rxf5
16.Bxd8 Nxd8 17.Bg4 Rf7 18.O-O Nc6 19.Rfe1 Re7 20.Qd6 Kf7 21.Re3 Bd7 22.Rae1 Rd8
23.Qf4+ Kg8 24.Bxe6+ Bxe6 25.Rxe6  1-0

[Event "1st WMSG Rapid Team"]
[Site "Beijing CHN"]
[Date "2008.10.16"]
[Round "7"]
[White "Lovik,L"]
[Black "Irie,Y"]
[Result "0-1"]
[WhiteElo "2167"]
[BlackElo "2021"]

1.e4 e6 2.d4 d5 3.Nc3 Bb4 4.e5 b6 5.Qg4 Bf8 6.Nf3 Ne7 7.Be3 Qd7 8.a3 Ba6
9.Bxa6 Nxa6 10.b4 c6 11.Nd2 Nf5 12.Qe2 Nc7 13.Nb3 Be7 14.O-O O-O 15.f4 f6
16.Bd2 fxe5 17.fxe5 Nb5 18.Qd3 Nxc3 19.Qxc3 Rac8 20.Qd3 Qe8 21.Rf3 Qg6 22.Raf1 Rf7
23.g3 Rcf8 24.Nc1 Qg4 25.Rf4 Qh3 26.g4 Qxd3 27.Nxd3 Nxd4 28.Rxf7 Rxf7 29.Ne1 Bh4
30.Ng2 Ne2+  0-1

[Event "WYCC Boys U14"]
[Site "Vung Tau City VIE"]
[Date "2008.10.22"]
[Round "4"]
[White "Krzyzanowski,M"]
[Black "Bajarani,U"]
[Result "1/2-1/2"]
[WhiteElo "2280"]
[BlackElo "2232"]

1.e4 e6 2.d4 d5 3.Nc3 Bb4 4.e5 b6 5.a3 Bf8 6.Nf3 Qd7 7.b4 c6 8.Rb1 Ba6 9.b5 Bb7
10.a4 c5 11.Be3 Qc7 12.Bd3 Nd7 13.Na2 Ne7 14.c3 a6 15.Rb2 h6 16.h4 a5 17.h5 O-O-O
18.Qd2 Kb8 19.Nh4 f5 20.Kf1 Rg8 21.f3 Nc8 22.Ng6 c4 23.Bb1 Ba3 24.Rc2 Nf8
25.Nf4 Qd7 26.Nc1 Qe8 27.Nce2 Be7 28.Rc1 Bg5 29.Re1 Ne7 30.g3 Bc8 31.Kf2 Qd7
32.Reg1 Qc7 33.Ke1 Bd7 34.Kd1 Be8 35.g4 fxg4 36.fxg4 Nc8 37.Rf1 Qe7 38.Qc1 Rd7
39.Rh3 Qd8 40.Rhf3 Rf7 41.Bc2 Qd7  1/2-1/2